LA STAMPA ITALIANA NELLA ETA' FASCISTA. VOL. IV. CONQUISTA DELLO SPAZIO. (Record n. 298933)
[ formato base ]
| 000 -LEADER | |
|---|---|
| fixed length control field | 01154nam a2200229Ia 4500 |
| 001 - CONTROL NUMBER | |
| control field | L900-39949 |
| 003 - CONTROL NUMBER IDENTIFIER | |
| control field | IT-CnALBA |
| 008 - FIXED-LENGTH DATA ELEMENTS--GENERAL INFORMATION | |
| fixed length control field | 170116s9999||||xx |||||||||||||| ||und|| |
| 040 ## - CATALOGING SOURCE | |
| Original cataloging agency | IT-CnALBA |
| Transcribing agency | IT-CnALBA |
| 041 ## - LANGUAGE CODE | |
| Language code of text/sound track or separate title | ITALIANO |
| 999 ## - SYSTEM CONTROL NUMBERS (KOHA) | |
| Koha Dewey Subclass [OBSOLETE] | NO |
| 100 ## - MAIN ENTRY--PERSONAL NAME | |
| Personal name | TRANVAGLIA NICOLA |
| 245 #0 - TITLE STATEMENT | |
| Title | LA STAMPA ITALIANA NELLA ETA' FASCISTA. VOL. IV. CONQUISTA DELLO SPAZIO. |
| 250 ## - EDITION STATEMENT | |
| Edition statement | 1a ed. |
| 260 ## - PUBLICATION, DISTRIBUTION, ETC. (IMPRINT) | |
| Place of publication, distribution, etc. | MILANO |
| Name of publisher, distributor, etc. | DALL'OGLIO CORBACCIO EDITORE |
| Date of publication, distribution, etc. | 1966 [1° Ed.:1966 - Ed.Ling.Originale: 1966] |
| 300 ## - PHYSICAL DESCRIPTION | |
| Extent | 354 p. |
| 500 ## - GENERAL NOTE | |
| General note | LA STAMPA QUOTIDIANA E AVVENTO DEL REGIME. STAMPA DEL REGIME FASCISTA. LA STAMPA ANTIFASCISTA. INDICAZIONE CONCLUSIVA. PRINCIPALI TESTATE. INDICE ONOMASTICO. INDICE TESTATE. CURATORI CASTRONOVO E TRANVAGLIA. |
| 501 ## - WITH NOTE | |
| With note | Società San Paolo EM - Piazza San Paolo, 14 - 12051 ALBA (CN) (non commercial uses only) ® Copyright 2017 |
| 520 ## - SUMMARY, ETC. | |
| Summary, etc. | LA STAMPA QUOTIDIANA E AVVENTO DEL REGIME. STAMPA DEL REGIME FASCISTA. LA STAMPA ANTIFASCISTA. INDICAZIONE CONCLUSIVA. PRINCIPALI TESTATE. INDICE ONOMASTICO. INDICE TESTATE. CURATORI CASTRONOVO E TRANVAGLIA. |
| 650 ## - SUBJECT ADDED ENTRY--TOPICAL TERM | |
| Topical term or geographic name as entry element | STORIA UNIVERSALE |
| 942 ## - ADDED ENTRY ELEMENTS (KOHA) | |
| Koha item type | LIBRO |
| 957 ## - | |
| -- | 1 |
| 999 ## - SYSTEM CONTROL NUMBERS (KOHA) | |
| -- | Copie: 1 |
| Withdrawn status | Lost status | Damaged status | Not for loan | Home library | Current library | Date acquired | Total Checkouts | Full call number | Date last seen | Price effective from | Koha item type | Public note |
|---|---|---|---|---|---|---|---|---|---|---|---|---|
| Buone Condizioni | Not For Loan | ALBA - Biblioteca | ALBA - Biblioteca | 16/01/2017 | L900-39949 | 16/01/2017 | 16/01/2017 | LIBRO | (data import: 16 gennaio 2017) - By Epidotti, Vaglietti. |